UCI (cycling) World Tour - Race Winners' Countries - Statistics

General Stats
  • This quiz has been taken 201 times
    166 since last reset
  • The average score is 21 of 26
Answer Stats
# Country % Correct
40 Spain
98%
37 Belgium
97%
6 France
96%
20 United Kingdom
96%
26 Italy
94%
13 Netherlands
94%
6 United States of America
94%
13 Germany
88%
7 Slovenia
88%
3 Russia
86%
26 Australia
85%
3 Denmark
85%
9 Switzerland
84%
13 Norway
82%
13 Colombia
80%
5 Portugal
80%
10 Slovakia
78%
7 Poland
76%
1 Canada
73%
4 Luxembourg
71%
1 Austria
70%
4 Ireland
69%
1 New Zealand
56%
3 Czech Republic
51%
2 Kazakhstan
42%
1 South Africa
42%
No matching quizzes found
Score Distribution
Percent of People with Each Score
Percentile by Number Answered
Your Score History
You have not taken this quiz since the last reset